[Event "CAN-ch U20"]
[Site "Saint John CAN"]
[Date "1983.12.28"]
[Round "3"]
[White "Bolduc, Steve"]
[Black "Southam, Todd"]
[Result "0-1"]
[WhiteElo "2111"]
[BlackElo "2047"]
[PlyCount "98"]
[GameId "2160767912801872"]
[EventDate "1983.12.27"]
[EventType "tourn"]
[EventRounds "11"]
[EventCountry "CAN"]
[SourceTitle "hb 2011"]

1. d4 d5 2. Nf3 Nf6 3. c4 e6 4. Bg5 Be7 5. Nc3 h6 6. Bh4 O-O 7. cxd5 exd5 8. Qc2 Be6 9. e3 b6 10. Bd3 c5 11. O-O Nc6 12. a3 a6 13. Na4 c4 14. Bf5 b5 15. Bxf6 Bxf6 16. Nc5 Qc8 17. Nxe6 fxe6 18. Bh3 Qe8 19. Rad1 Rd8 20. e4 e5 21. exd5 Nxd4 22. Qe4 Nxf3+ 23. gxf3 Bg5 24. Bf5 Bf4 25. Bg4 Qe7 26. Kh1 Kh8 27. Rg1 Qh4 28. Rg2 Rd6 29. Kg1 Rdf6 30. Be6 Qh5 31. a4 Qe8 32. Kf1 bxa4 33. Qxc4 Qb5 34. Qxb5 axb5 35. Bd7 Rb6 36. d6 Rd8 37. Bf5 Rbxd6 38. Rxd6 Rxd6 39. Rg6 Rd1+ 40. Kg2 Rd2 41. Rb6 g6 42. Rb8+ Kg7 43. Rb7+ Kf6 44. Bd7 Rxb2 45. Rxb5 a3 46. Ra5 a2 47. Bc6 Be3 48. Bd5 Rxf2+ 49. Kg3 Rd2 0-1

[Event "CAN-ch U20"]
[Site "Saint John CAN"]
[Date "1983.12.29"]
[Round "4"]
[White "Southam, David"]
[Black "Bolduc, Steve"]
[Result "0-1"]
[WhiteElo "2000"]
[BlackElo "2111"]
[PlyCount "58"]
[GameId "2160767912801873"]
[EventDate "1983.12.27"]
[EventType "tourn"]
[EventRounds "11"]
[EventCountry "CAN"]
[SourceTitle "hb 2011"]

1. c4 c5 2. Nf3 Nf6 3. g3 b6 4. Bg2 Bb7 5. O-O e6 6. Nc3 Be7 7. d4 cxd4 8. Qxd4 d6 9. Rd1 a6 10. b3 Nbd7 11. e4 Qb8 12. Ba3 Nc5 13. e5 dxe5 14. Qxe5 Nfd7 15. Qxb8+ Rxb8 16. Bc1 Bf6 17. Nd4 Bxg2 18. Kxg2 Rc8 19. Be3 Ke7 20. Rac1 Ne5 21. f3 Rhd8 22. Rd2 Ned3 23. Rcd1 Bxd4 24. Bxd4 Rxd4 25. b4 Ne1+ 26. Kf1 Rxd2 27. Rxd2 Ncd3 28. Re2 Rxc4 29. Nd5+ Kd6 0-1

[Event "CAN-ch U20"]
[Site "Saint John CAN"]
[Date "1983.12.30"]
[Round "5"]
[White "Bolduc, Steve"]
[Black "Moffat, Andrei"]
[Result "1-0"]
[WhiteElo "2111"]
[BlackElo "1897"]
[PlyCount "102"]
[GameId "2160767912801874"]
[EventDate "1983.12.27"]
[EventType "tourn"]
[EventRounds "11"]
[EventCountry "CAN"]
[SourceTitle "hb 2011"]

1. d4 d5 2. Nf3 Nf6 3. c4 e6 4. Bg5 Nbd7 5. Nc3 c6 6. cxd5 exd5 7. Qc2 Be7 8. e3 Nf8 9. Bd3 Ne6 10. Bh4 g6 11. O-O Ng7 12. b4 a6 13. Rab1 O-O 14. a4 Be6 15. b5 cxb5 16. axb5 a5 17. Qb3 Nf5 18. Bg5 Nd7 19. Bxf5 gxf5 20. Bh6 Nb6 21. Ne5 Re8 22. Na4 f6 23. e4 f4 24. Nxb6 Qxb6 25. exd5 Qxd4 26. dxe6 Qxe5 27. Qh3 f5 28. Rfe1 Qf6 29. Bxf4 Bf8 30. Qf3 Rxe6 31. Rxe6 Qxe6 32. Qxb7 Re8 33. h3 Bc5 34. Qf3 Bb6 35. Bd2 Rd8 36. Bc3 Qg6 37. Qe2 Re8 38. Qc4+ Kf8 39. Bd2 Kg7 40. Bc3+ Kf8 41. Bd4 Re4 42. Bc5+ Kg7 43. Qd5 Re6 44. Rc1 f4 45. Bxb6 Rxb6 46. Rc7+ Kh6 47. Rc6 Rxc6 48. bxc6 Qb1+ 49. Kh2 Qc2 50. Qd6+ Kg5 51. h4+ Kh5 1-0

[Event "CAN-ch U20"]
[Site "Saint John CAN"]
[Date "1983.12.30"]
[Round "6"]
[White "Huda, Rehan"]
[Black "Bolduc, Steve"]
[Result "1/2-1/2"]
[WhiteElo "1896"]
[BlackElo "2111"]
[PlyCount "83"]
[GameId "2160767912801875"]
[EventDate "1983.12.27"]
[EventType "tourn"]
[EventRounds "11"]
[EventCountry "CAN"]
[SourceTitle "hb 2011"]

1. d4 Nf6 2. c4 g6 3. Nc3 Bg7 4. e4 d6 5. f3 O-O 6. Be3 b6 7. Qd2 c5 8. d5 a6 9. Bd3 Nbd7 10. Nge2 Ne5 11. O-O e6 12. Rad1 exd5 13. exd5 Re8 14. Ng3 Ra7 15. Bg5 b5 16. b3 bxc4 17. Bxc4 Rb7 18. Bxa6 Rb4 19. Bxc8 Qxc8 20. Nge4 Rd4 21. Qc1 Nd3 22. Qb1 Nxe4 23. Nxe4 Rdxe4 24. fxe4 Bd4+ 25. Kh1 Nf2+ 26. Rxf2 Bxf2 27. Rf1 Bd4 28. Qd3 Qg4 29. Qf3 Qxf3 30. gxf3 f5 31. Re1 fxe4 32. Rxe4 Ra8 33. Bh6 Rxa2 34. Re6 Kf7 35. Rxd6 Rxh2+ 36. Kxh2 Be5+ 37. f4 Bxd6 38. Kg2 Bf8 39. Bg5 h5 40. Bd8 Bd6 41. Kf3 Ke8 42. Bh4 1/2-1/2

[Event "CAN-ch U20"]
[Site "Saint John CAN"]
[Date "1983.12.31"]
[Round "7"]
[White "Bolduc, Steve"]
[Black "Waterman, Ron"]
[Result "1-0"]
[WhiteElo "2111"]
[BlackElo "1923"]
[PlyCount "73"]
[GameId "2160767912801876"]
[EventDate "1983.12.27"]
[EventType "tourn"]
[EventRounds "11"]
[EventCountry "CAN"]
[SourceTitle "hb 2011"]

1. d4 Nf6 2. c4 g6 3. Nc3 Bg7 4. e4 d6 5. f4 O-O 6. Be2 c5 7. d5 b5 8. cxb5 a6 9. Bd2 Qb6 10. a4 axb5 11. axb5 Rxa1 12. Qxa1 Bd7 13. Bc4 Rc8 14. Nge2 Rc7 15. O-O Ra7 16. Qd1 Ne8 17. b3 Qb7 18. Be1 Nc7 19. Qd3 Be8 20. Bh4 Kf8 21. e5 Nd7 22. Ne4 dxe5 23. d6 exd6 24. Nxd6 e4 25. Nxe4 Ne6 26. Nd6 Qb8 27. Re1 Nd4 28. Nxe8 Qxe8 29. Nxd4 Bxd4+ 30. Kf1 Qa8 31. Qe4 Qxe4 32. Rxe4 Ra1+ 33. Ke2 Ra2+ 34. Kf3 Nf6 35. Rxd4 cxd4 36. Bxf6 Rd2 37. b6 1-0

[Event "CAN-ch U20"]
[Site "Saint John CAN"]
[Date "1984.01.02"]
[Round "9"]
[White "Bolduc, Steve"]
[Black "Dauvergne, Peter"]
[Result "1/2-1/2"]
[WhiteElo "2111"]
[BlackElo "2090"]
[PlyCount "91"]
[GameId "2160767912801877"]
[EventDate "1983.12.27"]
[EventType "tourn"]
[EventRounds "11"]
[EventCountry "CAN"]
[SourceTitle "hb 2011"]

1. d4 Nf6 2. c4 c5 3. d5 b5 4. cxb5 a6 5. e3 g6 6. Nc3 Bg7 7. b6 Qxb6 8. Nf3 O-O 9. Nd2 d6 10. Nc4 Qc7 11. Be2 Nbd7 12. e4 Nb6 13. Ne3 Bb7 14. a4 a5 15. O-O Rac8 16. Bd2 Qb8 17. Qb3 Nfd7 18. Bc4 Qa8 19. Nb5 Ne5 20. Nxd6 exd6 21. Qxb6 Nxc4 22. Nxc4 Ba6 23. Nxd6 Rb8 24. Qxc5 Bxf1 25. Rxf1 Rxb2 26. Bxa5 Qa6 27. Bc3 Rc2 28. Qa5 Qxd6 29. Bb4 Qc7 30. Qxc7 Rxc7 31. Bxf8 Kxf8 32. Rb1 Rc4 33. Rb8+ Ke7 34. Rb7+ Kf6 35. f3 Rxa4 36. e5+ Kxe5 37. Rxf7 Bf6 38. g3 Ra6 39. Rxh7 Kxd5 40. Kg2 Re6 41. Kh3 Re7 42. Rh6 Rg7 43. Kg4 Ke6 44. Rh8 Ra7 45. Rb8 Ra5 46. f4 1/2-1/2

[Event "Specialiste-Tch2"]
[Site "Montreal CAN"]
[Date "1983.09.01"]
[Round "1"]
[White "Roos, Celine"]
[Black "Bolduc, Steve"]
[Result "0-1"]
[WhiteElo "2022"]
[BlackElo "2062"]
[PlyCount "100"]
[GameId "2160767912810231"]
[EventDate "1983.09.01"]
[EventType "team"]
[EventRounds "5"]
[EventCountry "CAN"]
[SourceTitle "hb 2011"]

1. c4 Nf6 2. Nc3 c5 3. Nf3 b6 4. e4 Bb7 5. Bd3 d6 6. O-O e6 7. Bc2 Be7 8. d4 cxd4 9. Nxd4 O-O 10. Be3 a6 11. Qe2 Qc7 12. Rfd1 Rc8 13. Rac1 Nbd7 14. f3 Bf8 15. Bb3 Re8 16. Bf2 Rad8 17. Na4 Nc5 18. Nxc5 bxc5 19. Nc2 Bc6 20. Ne1 Nd7 21. Nd3 a5 22. Re1 e5 23. Rcd1 Nb6 24. Nc1 Qb7 25. Bc2 Na8 26. Nd3 Nc7 27. f4 Ne6 28. f5 Nd4 29. Bxd4 exd4 30. Qg4 Rxe4 31. Rxe4 Bxe4 32. Nxc5 dxc5 33. Bxe4 Qxb2 34. Bd5 Qc2 35. Rf1 Qxa2 36. Qe4 Qd2 37. Rf3 Qc1+ 38. Kf2 Qd2+ 39. Kf1 Rb8 40. f6 g6 41. Bxf7+ Kh8 42. Rh3 Qc1+ 43. Qe1 Qf4+ 44. Kg1 Qxf6 45. Bxg6 h6 46. Rf3 Qg5 47. h4 Qe7 48. Qg3 Rd8 49. Rf7 Qe3+ 50. Qxe3 dxe3 0-1

[Event "Specialiste-Tch2"]
[Site "Montreal CAN"]
[Date "1983.09.08"]
[Round "2"]
[White "Bolduc, Steve"]
[Black "Picard, Claude"]
[Result "1/2-1/2"]
[WhiteElo "2062"]
[BlackElo "2003"]
[PlyCount "91"]
[GameId "2160767912810232"]
[EventDate "1983.09.01"]
[EventType "team"]
[EventRounds "5"]
[EventCountry "CAN"]
[SourceTitle "hb 2011"]

1. c4 Nf6 2. Nc3 e6 3. e4 d5 4. e5 Ne4 5. Qg4 h5 6. Qf4 g5 7. Qe3 Nxc3 8. dxc3 Be7 9. Nh3 Rg8 10. Be2 g4 11. Nf4 Bg5 12. h3 Nc6 13. hxg4 hxg4 14. Bxg4 d4 15. Qe4 dxc3 16. bxc3 Nxe5 17. Bxe6 Bxe6 18. Nxe6 fxe6 19. Qxe5 Qf6 20. Qxf6 Bxf6 21. Kf1 Bxc3 22. Rb1 O-O-O 23. Be3 Bd4 24. Rh3 Bxe3 25. Rxe3 Rd2 26. Ra1 Rg4 27. Rxe6 Rxc4 28. Re2 Rd5 29. f3 b5 30. g4 a5 31. Kf2 c5 32. Rg1 Rg5 33. Kg3 Rc3 34. Re7 b4 35. Rh1 Rg8 36. Rhh7 Rf8 37. Kh4 Rcxf3 38. Rc7+ Kb8 39. Rb7+ Ka8 40. Ra7+ Kb8 41. Rxa5 Rc8 42. Raa7 Rcf8 43. Rab7+ Ka8 44. Rbc7 Rc3 45. Rh5 c4 46. Rhh7 1/2-1/2

[Event "Specialiste-Tch2"]
[Site "Montreal CAN"]
[Date "1983.09.15"]
[Round "3"]
[White "Lake, Perry"]
[Black "Bolduc, Steve"]
[Result "0-1"]
[WhiteElo "2039"]
[BlackElo "2062"]
[PlyCount "86"]
[GameId "2160767912810234"]
[EventDate "1983.09.01"]
[EventType "team"]
[EventRounds "5"]
[EventCountry "CAN"]
[SourceTitle "hb 2011"]

1. e4 c5 2. Nf3 Nc6 3. d4 cxd4 4. Nxd4 Nf6 5. Nc3 e5 6. Ndb5 d6 7. Bg5 a6 8. Bxf6 gxf6 9. Na3 Be6 10. Nc4 Rc8 11. Ne3 Nd4 12. Bd3 Bh6 13. O-O Rg8 14. Ncd5 Bxe3 15. fxe3 Bg4 16. Nxf6+ Qxf6 17. Rxf6 Bxd1 18. Rxd1 Nxc2 19. Rf3 Nb4 20. Bb1 Ke7 21. a3 Nc6 22. Rff1 Na5 23. Ba2 Nc4 24. Rc1 b5 25. Rc2 Rc5 26. g3 Rf8 27. Rfc1 Rfc8 28. Kf2 Nxb2 29. Rxc5 Rxc5 30. Rxc5 dxc5 31. Ke2 c4 32. Bb1 Kd6 33. Bc2 a5 34. Kd2 b4 35. axb4 axb4 36. Kc1 c3 37. Bb3 f6 38. Kc2 Kc5 39. Bg8 h6 40. Bf7 Kb5 41. Bb3 Nc4 42. Kd3 Na5 43. Bd1 Nb7 0-1

[Event "Specialiste-ch U20"]
[Site "Montreal CAN"]
[Date "1983.08.09"]
[Round "1"]
[White "Bolduc, Steve"]
[Black "Gendron, Bernard"]
[Result "1/2-1/2"]
[WhiteElo "2108"]
[BlackElo "1836"]
[PlyCount "100"]
[GameId "2160767912810251"]
[EventDate "1983.08.09"]
[EventType "swiss"]
[EventRounds "7"]
[EventCountry "CAN"]
[SourceTitle "hb 2011"]

1. c4 c5 2. Nc3 g6 3. Nf3 Bg7 4. d4 cxd4 5. Nxd4 Nc6 6. Nxc6 bxc6 7. Qa4 Qc7 8. g3 Nf6 9. Bg2 Bb7 10. O-O O-O 11. Bf4 e5 12. Bg5 d6 13. Rfd1 h6 14. Bd2 Ne8 15. Ne4 a5 16. b4 f5 17. Nc3 axb4 18. Qxb4 Rf7 19. Rab1 Nf6 20. Qxb7 Qxb7 21. Rxb7 Rxb7 22. Bxc6 Rab8 23. Bxb7 Rxb7 24. Rb1 Rxb1+ 25. Nxb1 d5 26. c5 Ne4 27. c6 Nd6 28. Nc3 d4 29. Nd5 Kf7 30. Nb6 Ne8 31. Bb4 Ke6 32. Kf1 Bf6 33. Ke1 Bd8 34. Nd7 Kd5 35. Bf8 h5 36. h4 Bc7 37. Bh6 Bd6 38. Bc1 Bc7 39. Ba3 Bd8 40. Bc1 Be7 41. f4 e4 42. Ne5 Bd6 43. Nxg6 Kxc6 44. Nh8 Kd5 45. Nf7 Bc5 46. Ne5 Nf6 47. a4 e3 48. Nd3 Bb6 49. Ba3 Ne4 50. Bb4 Nxg3 1/2-1/2

[Event "Specialiste-ch U20"]
[Site "Montreal CAN"]
[Date "1983.08.10"]
[Round "2"]
[White "Landry, Sylvain"]
[Black "Bolduc, Steve"]
[Result "1-0"]
[WhiteElo "1727"]
[BlackElo "2108"]
[PlyCount "49"]
[GameId "2160767912810252"]
[EventDate "1983.08.09"]
[EventType "swiss"]
[EventRounds "7"]
[EventCountry "CAN"]
[SourceTitle "hb 2011"]

1. e4 e6 2. d3 c5 3. Nd2 Nc6 4. g3 d5 5. Bg2 Nf6 6. Ngf3 Qc7 7. O-O Be7 8. Re1 b6 9. c3 Ba6 10. Nf1 dxe4 11. dxe4 Rd8 12. Qa4 Bd3 13. Bf4 Qb7 14. N1d2 b5 15. Qd1 Bxe4 16. Nxe4 Nxe4 17. Qc2 Nf6 18. Ne5 Nd5 19. a4 a6 20. axb5 axb5 21. Nxc6 Qxc6 22. Ra7 Bd6 23. Bxd5 Qxd5 24. Rd1 Qc6 25. Rxd6 1-0

[Event "Quebec op"]
[Site "Montreal CAN"]
[Date "1983.07.25"]
[Round "2"]
[White "Bolduc, Steve"]
[Black "Gilbert, Erick"]
[Result "1-0"]
[WhiteElo "2087"]
[BlackElo "1842"]
[PlyCount "85"]
[GameId "2160767912810264"]
[EventDate "1983.07.24"]
[EventType "swiss"]
[EventRounds "8"]
[EventCountry "CAN"]
[SourceTitle "hb 2011"]

1. d4 Nf6 2. c4 e6 3. Nf3 Bb4+ 4. Bd2 Qe7 5. a3 Bxd2+ 6. Qxd2 Ne4 7. Qc2 f5 8. g3 d6 9. Nfd2 Nxd2 10. Qxd2 e5 11. Nc3 Be6 12. Bg2 c6 13. d5 Bd7 14. b4 O-O 15. Rd1 Rf6 16. dxc6 bxc6 17. Nd5 cxd5 18. Qxd5+ Be6 19. Qxa8 Qc7 20. Bd5 Kf7 21. O-O Nd7 22. Qb7 Qxb7 23. Bxb7 Ke7 24. Bd5 Nb6 25. Bxe6 Rxe6 26. Rc1 d5 27. cxd5 Nxd5 28. Rfd1 Rd6 29. Rc5 Ke6 30. Ra5 a6 31. Rdxd5 Rxd5 32. Rxa6+ Kf7 33. a4 Rd4 34. b5 Rb4 35. b6 Ke6 36. a5 Kd7 37. Ra7+ Kc8 38. Rxg7 Rb5 39. Ra7 h5 40. Kg2 e4 41. Kh3 Rb2 42. Rc7+ Kb8 43. a6 1-0

[Event "Quebec op"]
[Site "Montreal CAN"]
[Date "1983.07.26"]
[Round "3"]
[White "Lafortune, Normand"]
[Black "Bolduc, Steve"]
[Result "0-1"]
[WhiteElo "1811"]
[BlackElo "2087"]
[PlyCount "60"]
[GameId "2160767912810272"]
[EventDate "1983.07.24"]
[EventType "swiss"]
[EventRounds "8"]
[EventCountry "CAN"]
[SourceTitle "hb 2011"]

1. e4 e6 2. d4 d5 3. Nd2 c5 4. Ngf3 Nf6 5. e5 Nfd7 6. c4 cxd4 7. cxd5 exd5 8. Bb5 Nc6 9. O-O Qb6 10. Qe2 d3 11. Bxd3 Nc5 12. Bb5 Be7 13. b4 Ne6 14. Nb3 O-O 15. Rd1 Nxb4 16. Be3 Qd8 17. a3 Nc6 18. Qd2 Nc7 19. Be2 b6 20. Nbd4 Na5 21. Qa2 Bc5 22. Rac1 Qe7 23. Bg5 Qd7 24. Bd2 Nc4 25. Bxc4 dxc4 26. Be3 Ba6 27. Nc2 Qe7 28. Bg5 Qe6 29. Nfd4 Qg6 30. Be3 Nd5 0-1

[Event "Quebec op"]
[Site "Montreal CAN"]
[Date "1983.07.27"]
[Round "4"]
[White "Bolduc, Steve"]
[Black "Roos, Daniel"]
[Result "0-1"]
[WhiteElo "2087"]
[BlackElo "2415"]
[PlyCount "158"]
[GameId "2160767912810276"]
[EventDate "1983.07.24"]
[EventType "swiss"]
[EventRounds "8"]
[EventCountry "CAN"]
[SourceTitle "hb 2011"]

1. d4 Nf6 2. Nf3 g6 3. c4 Bg7 4. g3 O-O 5. Bg2 d5 6. cxd5 Nxd5 7. O-O c6 8. e4 Nb6 9. Qd3 Bg4 10. Rd1 Na6 11. Be3 e5 12. Na3 Qe7 13. Bg5 f6 14. Be3 exd4 15. Bxd4 c5 16. Bc3 Rfe8 17. Qd6 Na4 18. Nb5 Nxc3 19. Nxc3 Nb4 20. Qxe7 Rxe7 21. Rd6 Rae8 22. h3 Rd7 23. Rad1 Rxd6 24. Rxd6 Be6 25. a3 Nc6 26. Nd5 Bxd5 27. exd5 Rd8 28. Rxd8+ Nxd8 29. a4 Bh6 30. Ne1 Bd2 31. Nd3 b6 32. b3 Kf7 33. Nb2 Ke7 34. Nc4 Ba5 35. Bf1 Nb7 36. Bd3 a6 37. Kg2 b5 38. axb5 axb5 39. Na3 c4 40. bxc4 b4 41. Nb5 b3 42. Kf3 b2 43. Ke2 Nc5 44. Bb1 Nb3 45. Kd3 Nd2 46. Kc2 Nxc4 47. Ba2 Nd2 48. Nd4 Kd6 49. Nc6 b1=Q+ 50. Bxb1 Nxb1 51. Nxa5 Na3+ 52. Kb3 Kxd5 53. Kc3 Ke4 54. Kd2 Kf3 55. Ke1 Kg2 56. h4 Nc2+ 57. Ke2 Nd4+ 58. Ke3 Nf5+ 59. Kf4 Kxf2 60. h5 Nxg3 61. hxg6 hxg6 62. Nc4 Nh5+ 63. Kg4 Ng7 64. Nd2 Ke2 65. Nc4 Ne6 66. Nd6 Ke3 67. Nf5+ Ke4 68. Nd6+ Kd5 69. Nf5 Ke5 70. Ng3 f5+ 71. Kf3 g5 72. Nh5 Nc5 73. Kg3 Ne4+ 74. Kh3 Nf6 75. Ng7 f4 76. Kh2 g4 77. Kg2 f3+ 78. Kf1 g3 79. Kg1 f2+ 0-1

[Event "Quebec op"]
[Site "Montreal CAN"]
[Date "1983.07.28"]
[Round "5"]
[White "Ber, Yves"]
[Black "Bolduc, Steve"]
[Result "0-1"]
[WhiteElo "1905"]
[BlackElo "2087"]
[PlyCount "100"]
[GameId "2160767912810281"]
[EventDate "1983.07.24"]
[EventType "swiss"]
[EventRounds "8"]
[EventCountry "CAN"]
[SourceTitle "hb 2011"]

1. Nf3 d5 2. g3 Nf6 3. Bg2 c6 4. b3 Bf5 5. Bb2 e6 6. Nh4 Be4 7. f3 Bg6 8. Nxg6 hxg6 9. e4 Qc7 10. Qe2 Rxh2 11. e5 Rxh1+ 12. Bxh1 Nfd7 13. f4 Qb6 14. Qh2 a5 15. Nc3 Na6 16. Na4 Qc7 17. Bf3 b5 18. Nc3 Nb4 19. Kd1 Qb6 20. a3 Na6 21. Na2 c5 22. Qf2 a4 23. Nc3 Rb8 24. Be2 Qa5 25. Qf1 Nc7 26. Rb1 axb3 27. cxb3 b4 28. axb4 Qxb4 29. Bc1 g5 30. Bd3 gxf4 31. gxf4 g5 32. f5 Nxe5 33. fxe6 Qg4+ 34. Kc2 fxe6 35. Bh7 Qh5 36. Bd3 Qf3 37. Bg6+ Kd7 38. Qxf3 Nxf3 39. Kd1 Nd4 40. Bc2 g4 41. Ne2 Nxc2 42. Kxc2 Bd6 43. d3 d4 44. Bd2 Rh8 45. Rg1 Rg8 46. Be1 Nd5 47. Bg3 Bxg3 48. Nxg3 Ra8 49. Ne4 Kc6 50. Rg3 Ne3+ 0-1

[Event "Quebec op"]
[Site "Montreal CAN"]
[Date "1983.07.29"]
[Round "6"]
[White "Bolduc, Steve"]
[Black "Wilkin, Alain"]
[Result "1-0"]
[WhiteElo "2087"]
[BlackElo "1895"]
[PlyCount "49"]
[GameId "2160767912810288"]
[EventDate "1983.07.24"]
[EventType "swiss"]
[EventRounds "8"]
[EventCountry "CAN"]
[SourceTitle "hb 2011"]

1. d4 Nf6 2. Nf3 g6 3. g3 Bg7 4. Bg2 O-O 5. c4 c5 6. O-O cxd4 7. Nxd4 Nc6 8. Nxc6 dxc6 9. Qa4 Qc7 10. Nc3 Bd7 11. Rd1 Rfc8 12. h3 Be8 13. Bf4 e5 14. Be3 b5 15. cxb5 cxb5 16. Qa6 b4 17. Nd5 Nxd5 18. Bxd5 Rab8 19. Rac1 Bb5 20. Bxf7+ Kxf7 21. Rxc7+ Rxc7 22. Qd6 Rbb7 23. Qd5+ Kf6 24. f4 Bxe2 25. fxe5+ 1-0

[Event "Quebec-ch"]
[Site "Montreal CAN"]
[Date "1983.06.10"]
[Round "2"]
[White "Bolduc, Steve"]
[Black "Pineault, Denis"]
[Result "0-1"]
[WhiteElo "2029"]
[BlackElo "2085"]
[PlyCount "80"]
[GameId "2160767912810522"]
[EventDate "1983.06.09"]
[EventType "tourn"]
[EventRounds "9"]
[EventCountry "CAN"]

1. d4 g6 2. c4 Bg7 3. Nf3 Nf6 4. g3 O-O 5. Bg2 d6 6. O-O Nc6 7. Nc3 Bg4 8. Be3 Qd7 9. d5 Nd8 10. Ne1 Bh3 11. f3 Bxg2 12. Kxg2 e5 13. c5 Nh5 14. cxd6 cxd6 15. Qa4 Qxa4 16. Nxa4 b5 17. Nc3 a6 18. Nd3 Nb7 19. a4 Nf6 20. Bf2 bxa4 21. Rxa4 a5 22. Rfa1 Nd7 23. b4 e4 24. Nxe4 Bxa1 25. Rxa1 axb4 26. Rxa8 Rxa8 27. Nxb4 Ra4 28. Nc6 f5 29. Nc3 Rc4 30. Nb5 Nf6 31. Bd4 Nxd5 32. e4 fxe4 33. fxe4 Nb4 34. Nca7 Nc2 35. Bf6 Rxe4 36. Nc8 Re6 37. Bc3 Ne3+ 38. Kf3 Nd5 39. Bb2 Re3+ 40. Kg4 Rb3 0-1

[Event "Quebec-ch"]
[Site "Montreal CAN"]
[Date "1983.06.12"]
[Round "4"]
[White "Bolduc, Steve"]
[Black "Rousseau, Jean-Jacques"]
[Result "1-0"]
[WhiteElo "2029"]
[BlackElo "2129"]
[PlyCount "63"]
[GameId "2160767912810532"]
[EventDate "1983.06.09"]
[EventType "tourn"]
[EventRounds "9"]
[EventCountry "CAN"]

1. d4 Nf6 2. c4 e6 3. Nf3 Bb4+ 4. Bd2 a5 5. g3 d5 6. a3 Bxd2+ 7. Qxd2 dxc4 8. Nc3 O-O 9. Bg2 Nc6 10. O-O Rb8 11. a4 Qe7 12. Ne5 Nxe5 13. dxe5 Nd7 14. f4 Nc5 15. Qc2 Bd7 16. Nb5 Bxb5 17. axb5 Nb3 18. Ra4 Qc5+ 19. Kh1 Nd4 20. Rxc4 Qb6 21. Qa4 Nxb5 22. Ra1 Rfd8 23. Rcc1 Nd4 24. Rcb1 Nb3 25. Ra3 Nd2 26. Rd1 Nc4 27. Rxd8+ Rxd8 28. Rd3 Nd6 29. exd6 Qxb2 30. Bf3 cxd6 31. Rxd6 Rc8 32. Qd7 1-0

[Event "Quebec-ch"]
[Site "Montreal CAN"]
[Date "1983.06.14"]
[Round "5"]
[White "Spraggett, Kevin"]
[Black "Bolduc, Steve"]
[Result "1-0"]
[WhiteElo "2552"]
[BlackElo "2029"]
[PlyCount "95"]
[GameId "2160767912810540"]
[EventDate "1983.06.09"]
[EventType "tourn"]
[EventRounds "9"]
[EventCountry "CAN"]

1. Nf3 Nf6 2. c4 e6 3. Nc3 d5 4. d4 Nbd7 5. Bf4 a6 6. cxd5 Nxd5 7. Nxd5 exd5 8. a3 Nf6 9. Qc2 c6 10. Rc1 Be7 11. e3 Ne4 12. Bd3 Bf5 13. O-O Bg6 14. Ne5 Nd6 15. Nxc6 bxc6 16. Qxc6+ Kf8 17. Bxa6 Bf5 18. Be2 Be6 19. Qc7 Qxc7 20. Rxc7 Ke8 21. Rfc1 Kd8 22. R7c6 Kd7 23. Rc7+ Kd8 24. f3 Rc8 25. Rxc8+ Bxc8 26. Bd3 Bb7 27. Kf2 Kd7 28. a4 Rc8 29. Rxc8 Bxc8 30. e4 Bb7 31. Bxd6 Bxd6 32. e5 Be7 33. Bxh7 Kc7 34. f4 Kb6 35. g4 Ka5 36. g5 Bc8 37. Bg8 Be6 38. g6 Kxa4 39. Bxf7 Bxf7 40. gxf7 Kb5 41. Kf3 Kc4 42. Ke3 Kb5 43. f5 Bg5+ 44. Kf3 Be7 45. h4 Kc6 46. Kg4 Kd7 47. Kh5 Bf8 48. Kg6 1-0

[Event "Quebec-ch"]
[Site "Montreal CAN"]
[Date "1983.06.15"]
[Round "6"]
[White "Bolduc, Steve"]
[Black "Brodeur, Gilles"]
[Result "0-1"]
[WhiteElo "2029"]
[BlackElo "2214"]
[PlyCount "67"]
[GameId "2160767912810543"]
[EventDate "1983.06.09"]
[EventType "tourn"]
[EventRounds "9"]
[EventCountry "CAN"]

1. d4 Nf6 2. Nf3 g6 3. c4 Bg7 4. g3 b6 5. Bg2 Bb7 6. O-O O-O 7. Re1 e6 8. Nc3 Ne4 9. Qc2 f5 10. Bf4 d6 11. Ng5 Nxg5 12. Bxb7 Nh3+ 13. Kg2 Nxf4+ 14. gxf4 Nd7 15. Bxa8 Qxa8+ 16. d5 e5 17. e3 Qd8 18. Qe2 Nc5 19. Rad1 a5 20. Qf3 a4 21. Qg3 Bf6 22. Re2 Kh8 23. Rh1 Bh4 24. Qh3 Qf6 25. fxe5 dxe5 26. f4 Nd3 27. Rd1 e4 28. Nxa4 g5 29. fxg5 Qxg5+ 30. Kh1 Rg8 31. Qg2 Qh5 32. Qf1 Nf2+ 33. Rxf2 Bxf2 34. h3 0-1

[Event "Quebec-ch"]
[Site "Montreal CAN"]
[Date "1983.06.16"]
[Round "7"]
[White "St Amand, Paul Jr"]
[Black "Bolduc, Steve"]
[Result "0-1"]
[WhiteElo "2092"]
[BlackElo "2029"]
[PlyCount "97"]
[GameId "2160767912810551"]
[EventDate "1983.06.09"]
[EventType "tourn"]
[EventRounds "9"]
[EventCountry "CAN"]

1. d4 Nf6 2. Nf3 e6 3. c4 d5 4. Nc3 c6 5. e3 Be7 6. Bd3 O-O 7. O-O a6 8. b3 dxc4 9. bxc4 c5 10. Qe2 Nc6 11. Rd1 cxd4 12. exd4 Qc7 13. Bb2 Nb4 14. Bb1 Rd8 15. a3 Nc6 16. d5 Na5 17. Ba2 Re8 18. Rac1 Bc5 19. Ne4 Nxe4 20. Qxe4 Qb6 21. Rc2 f6 22. Bb1 e5 23. Re2 g6 24. g4 Bd7 25. h4 Qb3 26. Rd3 Qxc4 27. Rc3 Qxe4 28. Rxe4 Bd6 29. g5 f5 30. Re1 e4 31. Nd2 Bf4 32. Nf1 Ba4 33. Bc1 Be5 34. Rh3 Rac8 35. Bd2 Nb3 36. Be3 Nd4 37. Bxd4 Bxd4 38. Kg2 Rc5 39. h5 Rec8 40. hxg6 hxg6 41. Ne3 Rc1 42. Rhh1 Rxe1 43. Rxe1 Kg7 44. Re2 Rc3 45. Rd2 Bxe3 46. fxe3 Rxe3 47. d6 Bd7 48. Rb2 b5 49. a4 0-1

[Event "Quebec-ch"]
[Site "Montreal CAN"]
[Date "1983.06.17"]
[Round "8"]
[White "Bolduc, Steve"]
[Black "Kurtz, Murray"]
[Result "1/2-1/2"]
[WhiteElo "2029"]
[BlackElo "2049"]
[PlyCount "71"]
[GameId "2160767912810553"]
[EventDate "1983.06.09"]
[EventType "tourn"]
[EventRounds "9"]
[EventCountry "CAN"]

1. d4 Nf6 2. c4 g6 3. Nc3 Bg7 4. e4 d6 5. f4 O-O 6. Be2 c5 7. d5 e6 8. Nf3 exd5 9. e5 dxe5 10. fxe5 Ng4 11. Bg5 Qa5 12. cxd5 Nxe5 13. O-O Qb4 14. Qc1 Nbd7 15. Be7 Nxf3+ 16. Bxf3 Re8 17. d6 Nf8 18. Nd5 Qd4+ 19. Kh1 Ne6 20. Qc2 Qxb2 21. Qxb2 Bxb2 22. Rab1 Bg7 23. Nf6+ Bxf6 24. Bxf6 Nd8 25. Rfc1 Bd7 26. Rxc5 Ne6 27. Ra5 Nd8 28. Bxd8 Raxd8 29. Bxb7 Bf5 30. Bc6 Re6 31. Rxa7 Rexd6 32. Bf3 Rd2 33. h3 Be6 34. Ra1 Bd5 35. Bxd5 R8xd5 36. a4 1/2-1/2

[Event "Quebec-ch"]
[Site "Montreal CAN"]
[Date "1983.06.19"]
[Round "9"]
[White "Leveille, Francois"]
[Black "Bolduc, Steve"]
[Result "1/2-1/2"]
[WhiteElo "2239"]
[BlackElo "2029"]
[PlyCount "106"]
[GameId "2160767912810559"]
[EventDate "1983.06.09"]
[EventType "tourn"]
[EventRounds "9"]
[EventCountry "CAN"]

1. Nf3 Nf6 2. g3 g6 3. b4 Bg7 4. Bb2 a5 5. b5 c6 6. Na3 O-O 7. Bg2 d6 8. O-O e5 9. d3 Nbd7 10. Rb1 Nd5 11. Qd2 Nc5 12. c4 Ne7 13. Qd1 Ne6 14. Nd2 Bd7 15. e3 Qc7 16. Qe2 f5 17. f4 g5 18. Kh1 gxf4 19. exf4 exf4 20. Bxg7 Kxg7 21. bxc6 bxc6 22. d4 d5 23. gxf4 Ng6 24. cxd5 Nexf4 25. Qc4 Nxg2 26. Nb5 Qc8 27. Nd6 cxd5 28. Qxc8 Bxc8 29. Kxg2 f4 30. Rfc1 Ba6 31. Rc7+ Kg8 32. Nf3 Rab8 33. Rxb8 Rxb8 34. Ng5 Rb2+ 35. Kh3 h5 36. Rc1 Rxa2 37. Rb1 Rb2 38. Rxb2 Bf1+ 39. Rg2 a4 40. Nb5 Bxb5 41. Rg1 a3 42. Nf3 Kf7 43. Ra1 a2 44. Nd2 Kf6 45. Rxa2 Be2 46. Kg2 Nh4+ 47. Kf2 Bd3 48. Ra5 Be4 49. Nxe4+ dxe4 50. Rxh5 e3+ 51. Ke2 Nf5 52. Rxf5+ Kxf5 53. Kf3 e2 1/2-1/2